<?xml version="1.0" encoding="UTF-8"?>
<collection xmlns="http://www.loc.gov/MARC21/slim">
<record>
  <controlfield tag="001">5885</controlfield>
  <controlfield tag="005">20210629140613.0</controlfield>
  <datafield tag="037" ind1=" " ind2=" ">
    <subfield code="a">CORRESP-2011-090</subfield>
  </datafield>
  <datafield tag="041" ind1=" " ind2=" ">
    <subfield code="a">spa</subfield>
  </datafield>
  <datafield tag="100" ind1="1" ind2=" ">
    <subfield code="a">Celaya, Gabriel</subfield>
  </datafield>
  <datafield tag="245" ind1="0" ind2="0">
    <subfield code="a">Correspondencia de Gabriel Celaya, San Sebastián a 04/07/1950</subfield>
    <subfield code="f">1950-07-04</subfield>
  </datafield>
  <datafield tag="260" ind1=" " ind2=" ">
    <subfield code="a">San Sebastián</subfield>
    <subfield code="c">1950</subfield>
  </datafield>
  <datafield tag="300" ind1=" " ind2=" ">
    <subfield code="3">carta manuscrita</subfield>
    <subfield code="a">2</subfield>
  </datafield>
  <datafield tag="500" ind1=" " ind2=" ">
    <subfield code="a">Manuscrita. </subfield>
  </datafield>
  <datafield tag="500" ind1=" " ind2=" ">
    <subfield code="a">Se menciona un futuro envío de una carta en verso, es posible que se trate del poema a Miguel Labordeta sin fechar.</subfield>
  </datafield>
  <datafield tag="653" ind1="1" ind2=" ">
    <subfield code="a">Transeúnte Central</subfield>
  </datafield>
  <datafield tag="653" ind1="1" ind2=" ">
    <subfield code="a">ejemplares</subfield>
  </datafield>
  <datafield tag="653" ind1="1" ind2=" ">
    <subfield code="a">imprenta</subfield>
  </datafield>
  <datafield tag="653" ind1="1" ind2=" ">
    <subfield code="a">dinero</subfield>
  </datafield>
  <datafield tag="653" ind1="1" ind2=" ">
    <subfield code="a">carta en verso</subfield>
  </datafield>
  <datafield tag="700" ind1=" " ind2=" ">
    <subfield code="a">Labordeta, Miguel</subfield>
    <subfield code="e">destinatario</subfield>
  </datafield>
  <datafield tag="856" ind1="0" ind2=" ">
    <subfield code="f">590943@celes.unizar.es</subfield>
  </datafield>
  <datafield tag="856" ind1="4" ind2=" ">
    <subfield code="s">244799</subfield>
    <subfield code="u">http://zaguan.unizar.es/record/5885/files/CORRESP-2011-090.pdf</subfield>
    <subfield code="z">Original (spa)</subfield>
  </datafield>
  <datafield tag="856" ind1="4" ind2=" ">
    <subfield code="s">73927</subfield>
    <subfield code="u">http://zaguan.unizar.es/record/5885/files/Transcripci%C3%B3n.pdf</subfield>
    <subfield code="z">Transcripción</subfield>
  </datafield>
  <datafield tag="980" ind1=" " ind2=" ">
    <subfield code="a">PERSONAL</subfield>
    <subfield code="b">MLABORDETA</subfield>
  </datafield>
</record>
</collection>